| 000 | 01014nam a2200277 a 4500 | ||
|---|---|---|---|
| 001 | 000005353 | ||
| 005 | 20200929151642.0 | ||
| 008 | 090819s2004 es 001 0 spa d | ||
| 020 | _a8481641545 | ||
| 040 |
_aDO-SdBNP _bspa _cBNPHU |
||
| 082 |
_a180 _bG216h |
||
| 245 | 0 | 0 |
_aHistoria de la filosofía antigua / _cedicion Carlos García Gual. |
| 260 |
_aMadrid, España : _bTrotta : _bConsejo Superior de Investigaciones Científicas, _c2004. |
||
| 300 |
_a405 p. ; _c23 cm. |
||
| 490 | 1 |
_aEnciclopedia Iberoamericana de Filosofía ; _v14 |
|
| 500 | _aIncluye índice | ||
| 500 | _aIncluye datos biográficos de los autores | ||
| 650 | 4 |
_aFilosofía antigua _xHistoria _vENSAYOS, CONFERENCIAS,ETC. _915183 |
|
| 650 | 4 |
_aAmérica latina _xHistoria _xFilosofia _915184 |
|
| 650 | 4 |
_aSofistas (filosofia) _915185 |
|
| 650 | 4 |
_aPlatonista _915186 |
|
| 650 | 4 |
_aGnosticismo _915187 |
|
| 700 | 1 |
_aGarcía Gual, Carlos, _ded. _915188 |
|
| 830 | 0 |
_aEnciclopedia Iberoamericana de Filosofía ; _n14 _915189 |
|
| 049 | _aBNPD | ||
| 999 |
_c5154 _d5154 |
||